[Event "IX EICC"]
[Site "Plovdiv BUL"]
[Date "2008.04.23"]
[Round "3"]
[White "Banikas,H"]
[Black "Damaso,R"]
[Result "1/2-1/2"]
[WhiteElo "2600"]
[BlackElo "2449"]
[EventDate "2008.04.21"]

1. d4 Nf6 2. c4 e6 3. Nc3 Bb4 4. Qc2 O-O 5. a3 Bxc3+ 6. Qxc3 b6 7. Bg5 Ba6
8. Nf3 d6 9. Nd2 Nbd7 10. e4 c5 11. dxc5 Nxc5 12. Bxf6 Qxf6 13. Qxf6 gxf6
14. O-O-O Rab8 15. f3 b5 16. b4 Na4 17. Nb1 Rfd8 18. cxb5 Bxb5 19. Bxb5
Rxb5 20. Kc2 d5 21. exd5 exd5 22. Kb3 Nc5+ 23. Ka2 Na4 24. Kb3 Nc5+ 25. Ka2
Na4 26. Kb3 1/2-1/2

[Event "IX EICC"]
[Site "Plovdiv BUL"]
[Date "2008.04.23"]
[Round "3"]
[White "Margvelashvili,G"]
[Black "Damljanovic,B"]
[Result "0-1"]
[WhiteElo "2455"]
[BlackElo "2595"]
[EventDate "2008.04.21"]

1. Nf3 c5 2. c4 Nc6 3. e3 g6 4. d4 Bg7 5. d5 Na5 6. Be2 d6 7. O-O Nf6 8. a3
b6 9. b4 Nb7 10. Bb2 O-O 11. Nbd2 e5 12. Ne1 Qe7 13. e4 Bh6 14. Bd3 Bg4 15.
f3 Bd7 16. g3 Bh3 17. Ng2 cxb4 18. axb4 a5 19. bxa5 bxa5 20. Bc3 Qc7 21.
Kh1 Nc5 22. Bc2 Nfd7 23. f4 f6 24. Rf2 Qb6 25. Qf3 a4 26. Ne3 Nb3 27. Rb1
Nd4 28. Rxb6 Nxf3 29. Rb2 Ne1 30. Re2 Nxc2 31. Nxc2 exf4 32. Na3 Ne5 33.
gxf4 Bxf4 34. Rb6 Rab8 35. Rxb8 Rxb8 36. Ndb1 0-1

[Event "IX EICC"]
[Site "Plovdiv BUL"]
[Date "2008.04.23"]
[Round "3"]
[White "Lintchevski,D"]
[Black "Lysyj,I"]
[Result "1-0"]
[WhiteElo "2450"]
[BlackElo "2595"]
[EventDate "2008.04.21"]

1. e4 e6 2. d4 d5 3. Nc3 Bb4 4. e5 c5 5. a3 Bxc3+ 6. bxc3 Qc7 7. Nf3 Ne7 8.
h4 b6 9. h5 h6 10. Bb5+ Bd7 11. Bd3 Nbc6 12. Kf1 c4 13. Be2 O-O-O 14. Bf4
Na5 15. Qd2 Ba4 16. g4 Nac6 17. Kg2 a6 18. Rab1 Kb7 19. Rb2 Nc8 20. Bg3
N8a7 21. Ra1 Rhg8 22. Nh4 g6 23. Kh2 Qd7 24. Ng2 Nb5 25. Qe3 gxh5 26. gxh5
Qe7 27. Bd1 Qg5 28. Qf3 Qf5 29. Qxf5 exf5 30. Rxb5 axb5 31. Ne3 Ne7 32. f4
b4 33. axb4 Ra8 34. Bh4 Nc6 35. Nxf5 Bb3 36. Rxa8 Rxa8 37. cxb3 Ra2+ 38.
Kg3 Rd2 39. bxc4 Rxd1 40. cxd5 Rd3+ 41. Kg4 1-0

[Event "IX EICC"]
[Site "Plovdiv BUL"]
[Date "2008.04.23"]
[Round "3"]
[White "Grecescu,G"]
[Black "Maletin,P"]
[Result "0-1"]
[WhiteElo "2423"]
[BlackElo "2574"]
[EventDate "2008.04.21"]

1. c4 c5 2. Nc3 Nc6 3. g3 g6 4. Bg2 Bg7 5. e3 h5 6. h4 Nh6 7. Nge2 Nf5 8.
b3 O-O 9. Bb2 a6 10. d3 b5 11. Qd2 Rb8 12. O-O bxc4 13. dxc4 Ne5 14. e4 Nd6
15. Rab1 Bb7 16. Ba1 Ne8 17. Rbd1 d6 18. Nd5 Nd7 19. Bxg7 Nxg7 20. f4 Bxd5
21. Qxd5 Qa5 22. Rd2 Rbd8 23. Qd3 Ne5 24. Qe3 Ng4 25. Qd3 f5 26. Nc3 e6 27.
Re2 Qc7 28. Rfe1 Kh8 29. Nd1 e5 30. Nc3 Ne6 31. Nd5 Qg7 32. Rf1 Nd4 33.
Rfe1 Rde8 34. Bh3 Rf7 35. Kg2 Ref8 36. Kg1 Nf6 37. Nxf6 Rxf6 38. Kh2 fxe4
39. Rxe4 Qh6 40. Bg2 exf4 41. Rxf4 Rxf4 42. Qe3 Nc2 43. Qc3+ R4f6 44. Qxc2
Rf2 45. Re2 Rxe2 46. Qxe2 Qg7 47. a3 Qe5 48. Qd3 Kg7 49. b4 cxb4 50. axb4
g5 51. hxg5 h4 52. Bb7 Rf2+ 53. Bg2 Rb2 54. c5 Qxg3+ 55. Qxg3 hxg3+ 56.
Kxg3 dxc5 57. bxc5 Rc2 58. c6 a5 59. Be4 Rc5 60. Kf4 a4 61. Ke3 a3 62. Kd4
Rxc6 0-1

[Event "IX EICC"]
[Site "Plovdiv BUL"]
[Date "2008.04.23"]
[Round "3"]
[White "Schroll,G"]
[Black "Sulskis,S"]
[Result "1/2-1/2"]
[WhiteElo "2410"]
[BlackElo "2553"]
[EventDate "2008.04.21"]

1. e4 c6 2. d4 d5 3. Nd2 g6 4. e5 h5 5. Bd3 Nh6 6. Ne2 c5 7. dxc5 Nc6 8.
Nf3 Bg4 9. Ned4 Bg7 10. Bb5 O-O 11. Bxc6 bxc6 12. c3 Qc7 13. O-O a5 14. h3
Bd7 15. Re1 a4 16. e6 Bc8 17. Bxh6 Bxh6 18. Ne5 Bg7 19. Nxf7 Rxf7 20. exf7+
Kxf7 21. f4 Bf6 22. Qf3 Qa7 23. b4 axb3 24. axb3 Qxa1 25. Rxa1 Rxa1+ 26.
Kh2 Bxd4 27. cxd4 Bf5 28. g4 Be4 29. Qc3 Rd1 30. gxh5 gxh5 31. h4 Kf6 32.
Qa5 Kf5 33. Qd8 Kg4 34. Qg8+ Kf3 35. Qg3+ Ke2 36. Qc3 Rh1+ 37. Kg3 Rg1+ 38.
Kh2 Rh1+ 39. Kg3 Rg1+ 40. Kh2 1/2-1/2

[Event "IX EICC"]
[Site "Plovdiv BUL"]
[Date "2008.04.23"]
[Round "3"]
[White "Loeffler,S"]
[Black "Romanov,E"]
[Result "0-1"]
[WhiteElo "2409"]
[BlackElo "2547"]
[EventDate "2008.04.21"]

1. c4 e5 2. g3 Nf6 3. Bg2 c6 4. Nf3 e4 5. Nd4 d5 6. cxd5 cxd5 7. d3 Qb6 8.
dxe4 Bc5 9. e3 dxe4 10. Nc3 Nc6 11. Na4 Bb4+ 12. Bd2 Qa5 13. Nxc6 bxc6 14.
Nc3 Bg4 15. Qa4 Qxa4 16. Nxa4 Bxd2+ 17. Kxd2 O-O-O+ 18. Kc2 Rd6 19. h3 Be2
20. Rhe1 Bd3+ 21. Kb3 Kc7 22. Nc5 Rb8+ 23. Ka3 Rd5 24. Rac1 Kd6 25. Na4 Nd7
26. Red1 f5 27. f3 Ne5 28. fxe4 fxe4 29. b3 Be2 30. Rd4 Rxd4 31. exd4 Nd3
32. Rc3 Re8 33. Nc5 Nxc5 34. Rxc5 Bb5 35. Rc1 Kd5 36. Kb4 Kxd4 37. a4 Bd3
38. Rxc6 Re7 39. Rc8 Ke3 40. Rf8 Kd2 41. Rf2+ Ke1 42. Ra2 e3 43. Kc3 Ba6
0-1

[Event "IX EICC"]
[Site "Plovdiv BUL"]
[Date "2008.04.23"]
[Round "3"]
[White "Drasko,M"]
[Black "Lomsadze,D"]
[Result "1/2-1/2"]
[WhiteElo "2536"]
[BlackElo "2394"]
[EventDate "2008.04.21"]

1. d4 Nf6 2. c4 c5 3. d5 e5 4. Nc3 d6 5. e4 Nbd7 6. g3 a6 7. a4 h5 8. Nf3
g6 9. Bg2 Bg7 10. O-O O-O 11. Bd2 Rb8 12. Qc2 Ng4 13. h3 Ngf6 14. b3 Nh7
15. Rae1 b6 16. Re2 Rb7 17. Nh4 Nb8 18. Rfe1 Bf6 19. Nf3 Bg7 20. Nh4 Bf6
21. Nf3 1/2-1/2

[Event "IX EICC"]
[Site "Plovdiv BUL"]
[Date "2008.04.23"]
[Round "3"]
[White "Filev,G"]
[Black "Braun,A"]
[Result "0-1"]
[WhiteElo "2392"]
[BlackElo "2529"]
[EventDate "2008.04.21"]

1. e4 c6 2. d4 d5 3. e5 Bf5 4. Nc3 a6 5. Be3 e6 6. g4 Bg6 7. Nge2 c5 8. h4
h5 9. Nf4 Ne7 10. Nxg6 Nxg6 11. gxh5 Nxh4 12. f4 Nc6 13. Bf2 cxd4 14. Bxh4
Qa5 15. Rh3 dxc3 16. bxc3 Be7 17. Bf2 O-O-O 18. Qg4 Qa4 19. Be2 Rhg8 20.
Kf1 Qxc2 21. Bd3 Qa4 22. Re1 Kb8 23. Rg3 d4 24. cxd4 Nxd4 25. f5 exf5 26.
Bxf5 Bc5 27. Rd3 g6 28. hxg6 fxg6 29. Be4 Rgf8 30. Qg3 Ka7 31. Kg2 Qxa2 32.
Rf1 g5 33. Rc3 Bb6 34. Qe3 Rf4 35. Rc2 Rg4+ 36. Kh3 Rh8+ 37. Kxg4 Qe6+ 0-1

[Event "IX EICC"]
[Site "Plovdiv BUL"]
[Date "2008.04.23"]
[Round "3"]
[White "Jankovic,A"]
[Black "Atakisi,U"]
[Result "1-0"]
[WhiteElo "2528"]
[BlackElo "2365"]
[EventDate "2008.04.21"]

1. Nf3 c5 2. c4 Nc6 3. d4 cxd4 4. Nxd4 g6 5. e4 Nf6 6. Nc3 d6 7. Be2 Nxd4
8. Qxd4 Bg7 9. Bg5 O-O 10. Qd2 Be6 11. Rc1 Nd7 12. Nd5 Bxd5 13. cxd5 Nc5
14. f3 a5 15. b3 f5 16. exf5 Rxf5 17. Be3 Qb6 18. Rc4 Qa7 19. Rc2 Qb6 20.
O-O Qb4 21. g4 Qxd2 22. Rxd2 Rff8 23. Bb5 Rfc8 24. Rb1 Bc3 25. Re2 Bf6 26.
g5 Be5 27. f4 Bc3 28. Kg2 Kf8 29. h4 Rc7 30. Rc1 Bg7 31. Kf3 Rac8 32. Rc4
Na6 33. Bxa6 bxa6 34. Rec2 Rxc4 35. Rxc4 Rb8 36. Ke4 Rb5 37. Bd2 Kf7 38.
Rc6 a4 39. b4 a3 40. Rxa6 Bb2 41. Ra5 Rb7 42. Ra6 Rb5 43. Ra7 Kf8 44. Ra5
Rb7 45. b5 Kf7 46. Kd3 e6 47. Be3 exd5 48. Ra7 Re7 49. b6 1-0

[Event "IX EICC"]
[Site "Plovdiv BUL"]
[Date "2008.04.23"]
[Round "3"]
[White "Koepke,C"]
[Black "Shanava,K"]
[Result "0-1"]
[WhiteElo "2296"]
[BlackElo "2519"]
[EventDate "2008.04.21"]

1. e4 c5 2. Nf3 d6 3. d4 cxd4 4. Nxd4 Nf6 5. Nc3 g6 6. Be3 Bg7 7. f3 a6 8.
Qd2 Nbd7 9. Bc4 b5 10. Bb3 Bb7 11. Bh6 Bxh6 12. Qxh6 Nc5 13. O-O-O e5 14.
Nde2 Nxb3+ 15. axb3 b4 16. Na4 Qc7 17. Rd2 d5 18. Qg5 Qe7 19. Nb6 Rd8 20.
Rhd1 h6 21. Qg3 Nh5 22. Qf2 d4 23. Nc4 O-O 24. g4 Ng7 25. f4 exf4 26. Nxf4
Qg5 27. e5 Ne6 28. Nd3 a5 29. Qg3 Ra8 30. h4 Qe7 31. Nb6 Ra6 32. Na4 Rc8
33. Kb1 Be4 34. Nf2 Bd5 35. Nd3 Rac6 36. Nf4 Be4 37. Rc1 Qd7 38. h5 g5 39.
Nd3 Qd5 40. Re1 Bh7 41. Rc1 Nf4 42. Nac5 Rxc5 43. Nxc5 Rxc5 44. Ka1 d3 45.
Qe3 a4 46. bxa4 b3 0-1

[Event "IX EICC"]
[Site "Plovdiv BUL"]
[Date "2008.04.23"]
[Round "3"]
[White "Radulski,J"]
[Black "Berbatov,K"]
[Result "0-1"]
[WhiteElo "2514"]
[BlackElo "2220"]
[EventDate "2008.04.21"]

1. d4 Nf6 2. c4 g6 3. Nc3 Bg7 4. Nf3 O-O 5. h3 d6 6. Bf4 Nfd7 7. e3 e5 8.
Bg3 Nc6 9. Be2 f5 10. Bh4 Bf6 11. Bxf6 Nxf6 12. O-O Qe7 13. d5 Nd8 14. b4
Nf7 15. c5 dxc5 16. bxc5 Qxc5 17. Rc1 Qe7 18. Nb5 Ne8 19. Qc2 Bd7 20. Nxc7
Rc8 21. d6 Nexd6 22. Qb3 Bc6 23. Ne6 Rfe8 24. Neg5 Kg7 25. Nxf7 Nxf7 26.
Bb5 Bxb5 27. Qxb5 Nd6 28. Qd5 Kf6 29. Rfd1 Rxc1 30. Rxc1 Rd8 31. Qa5 b6 32.
Qa3 Nf7 33. Qa6 Rd7 34. Qa4 h6 35. Rc6+ Rd6 36. Rxd6+ Qxd6 37. Qxa7 h5 38.
Qa4 g5 39. Qc2 g4 40. hxg4 hxg4 41. Nh4 Qe6 42. a4 Qd7 43. Qb1 Qe6 44. Qd3
Qc8 45. Kh2 Qe6 46. e4 f4 47. Nf5 Kg6 48. Qa6 Ng5 49. a5 bxa5 50. Qa8 Nxe4
51. Nh4+ Kg5 52. g3 Nxg3 53. Qd8+ Qf6 54. Qxf6+ Kxf6 55. fxg3 f3 0-1

[Event "IX EICC"]
[Site "Plovdiv BUL"]
[Date "2008.04.23"]
[Round "3"]
[White "Monev,A"]
[Black "Sebenik,M"]
[Result "0-1"]
[WhiteElo "2038"]
[BlackElo "2502"]
[EventDate "2008.04.21"]

1. e4 c5 2. Nf3 Nc6 3. d4 cxd4 4. Nxd4 Nf6 5. Nc3 e5 6. Ndb5 d6 7. Bg5 a6
8. Na3 b5 9. Bxf6 gxf6 10. Nd5 f5 11. Bd3 Be6 12. c3 Bg7 13. Qh5 O-O 14.
exf5 Bxd5 15. f6 e4 16. fxg7 Re8 17. Be2 Re5 18. Qh3 f5 19. O-O f4 20. Rad1
Qf6 21. c4 Be6 22. Bg4 Bxg4 23. Qxg4 Rd8 24. Kh1 bxc4 25. Nxc4 Rg5 26. Qh3
d5 27. Nb6 Kxg7 28. Rfe1 Kg6 29. Rd2 Ne7 30. Na4 Nf5 31. Nc3 e3 32. fxe3
fxe3 33. Rde2 h5 34. Rxe3 Nxe3 35. Qxe3 Rf5 36. Qd3 Kg7 37. h3 Rf8 38. Kg1
Qb6+ 39. Kh1 Qf6 40. Kg1 h4 41. Na4 d4 42. b4 Rf2 43. Qe4 Rf1+ 44. Rxf1
Qxf1+ 45. Kh2 Qf4+ 46. Qxf4 Rxf4 47. Nc5 Rf6 48. Kg1 Kf7 49. a4 Ke7 50. a5
Rf5 51. Nd3 Kd6 52. Kh2 Rg5 53. Kg1 Kd5 54. b5 Kc4 55. Nb2+ Kxb5 56. Kf2
Rg3 0-1

[Event "IX EICC"]
[Site "Plovdiv BUL"]
[Date "2008.04.23"]
[Round "3"]
[White "Carlsson,P"]
[Black "Pileckis,E"]
[Result "1/2-1/2"]
[WhiteElo "2514"]
[BlackElo "2403"]
[EventDate "2008.04.21"]

1. e4 c5 2. Nf3 Nc6 3. d4 cxd4 4. Nxd4 Nf6 5. Nc3 e5 6. Ndb5 d6 7. Bg5 a6
8. Na3 b5 9. Nd5 Be7 10. Bxf6 Bxf6 11. c3 Bg5 12. Nc2 Ne7 13. a4 bxa4 14.
Ncb4 O-O 15. h4 Bh6 16. Qxa4 a5 17. Bb5 Nxd5 18. Nxd5 Be6 19. Bc6 Rb8 20.
b4 axb4 21. cxb4 Kh8 22. b5 Bxd5 23. Bxd5 Qb6 24. Bc6 Be3 25. fxe3 Qxe3+
26. Kd1 Qd3+ 27. Ke1 Qe3+ 28. Kd1 1/2-1/2

[Event "IX EICC"]
[Site "Plovdiv BUL"]
[Date "2008.04.23"]
[Round "3"]
[White "Kukov,V"]
[Black "Mateuta,G"]
[Result "1/2-1/2"]
[WhiteElo "2365"]
[BlackElo "2504"]
[EventDate "2008.04.21"]

1. Nf3 e6 2. d4 Nf6 3. e3 c5 4. Bd3 b6 5. Nbd2 Bb7 6. c3 Nc6 7. Qe2 cxd4 8.
exd4 Nd5 9. Nc4 Qc7 10. O-O f6 11. g3 Be7 12. Ne3 Na5 13. Re1 O-O 14. Nxd5
Bxd5 15. Nh4 Bc4 16. Bxc4 Qxc4 17. Qxc4 Nxc4 18. Nf5 Rfe8 19. Nxe7+ Rxe7
20. b3 Na5 21. d5 Kf7 22. Ba3 Ree8 23. dxe6+ dxe6 24. Rad1 Red8 25. Kf1 e5
26. Ke2 Ke6 27. f3 Nb7 28. c4 g5 29. Rxd8 Rxd8 30. Rd1 Rxd1 31. Kxd1 h5 32.
Ke2 g4 33. Ke3 Na5 34. Bb2 Nc6 35. Bc3 Ne7 36. f4 Nf5+ 37. Ke4 h4 38. gxh4
Nxh4 39. fxe5 f5+ 40. Ke3 Ng6 41. a4 Nxe5 42. a5 bxa5 43. Bxa5 Nc6 44. Bc3
a6 45. Be1 Ne5 46. Bc3 Ng6 47. b4 Ne5 48. Bxe5 Kxe5 49. c5 f4+ 50. Kd3 Kd5
51. Ke2 Kc6 52. Kd3 Kd5 53. Ke2 1/2-1/2

[Event "IX EICC"]
[Site "Plovdiv BUL"]
[Date "2008.04.23"]
[Round "3"]
[White "Kokolias,K"]
[Black "Georgescu,T"]
[Result "0-1"]
[WhiteElo "2211"]
[BlackElo "2384"]
[EventDate "2008.04.21"]

1. Nc3 c5 2. Nf3 Nc6 3. d4 cxd4 4. Nxd4 g6 5. Be3 Nf6 6. Nxc6 bxc6 7. Bd4
Bg7 8. Ne4 Qa5+ 9. c3 Qf5 10. Bxf6 Bxf6 11. Nxf6+ Qxf6 12. Qd4 e5 13. Qc5
Qe7 14. Qxe7+ Kxe7 15. e4 d5 16. exd5 cxd5 17. Be2 Be6 18. O-O-O Rac8 19.
Kb1 g5 20. g3 f5 21. f4 gxf4 22. gxf4 e4 23. Rhg1 Rhg8 24. a3 Rg6 25. Rxg6
hxg6 26. h4 Rh8 27. Rh1 Kd6 28. Bd1 d4 29. cxd4 Bc4 30. Kc2 Kd5 31. Kc3 Rc8
32. Kd2 Kxd4 33. Rh3 Bd3 34. Rg3 Rh8 35. Rh3 Bf1 36. Rh2 e3+ 37. Ke1 Bd3
38. Bf3 Rc8 39. Kd1 Be4 0-1

[Event "IX EICC"]
[Site "Plovdiv BUL"]
[Date "2008.04.24"]
[Round "4"]
[White "Pavasovic,D"]
[Black "Fressinet,L"]
[Result "1-0"]
[WhiteElo "2595"]
[BlackElo "2656"]
[EventDate "2008.04.21"]

1. e4 e5 2. Nf3 Nc6 3. Bc4 Nf6 4. d3 Bc5 5. c3 a6 6. Bb3 Ba7 7. O-O d6 8.
h3 h6 9. Be3 g5 10. Bxa7 Nxa7 11. d4 Qe7 12. Nbd2 g4 13. hxg4 Bxg4 14. dxe5
dxe5 15. Nc4 Nc6 16. Ne3 Rg8 17. Re1 Rd8 18. Nd5 Nxd5 19. exd5 e4 20. Kf1
Kf8 21. Qc1 Qf6 22. Rxe4 Bxf3 23. gxf3 Ne5 24. Qf4 Qxf4 25. Rxf4 Rd6 26.
Ke2 Rgg6 27. Rb4 b6 28. f4 Ng4 29. Rc4 Rd7 30. Bc2 Rgd6 31. Rd1 Nf6 32. Bf5
Re7+ 33. Kf3 Rxd5 34. Rxd5 Nxd5 35. Rc6 Kg7 36. a3 Re1 37. Bd3 Rd1 38. Bxa6
Rd2 39. Bc4 Nf6 40. Rxc7 Rxb2 41. f5 Nh7 42. Rxf7+ Kh8 43. Rc7 h5 44. Kg3
Rb1 45. Rc8+ Kg7 46. Rg8+ Kf6 47. Kf4 1-0

[Event "IX EICC"]
[Site "Plovdiv BUL"]
[Date "2008.04.24"]
[Round "4"]
[White "Laznicka,V"]
[Black "Tregubov,P"]
[Result "1/2-1/2"]
[WhiteElo "2578"]
[BlackElo "2629"]
[EventDate "2008.04.21"]

1. c4 c5 2. Nf3 Nc6 3. d4 cxd4 4. Nxd4 e6 5. g3 Bb4+ 6. Bd2 Be7 7. Bc3 Nf6
8. Bg2 O-O 9. O-O d5 10. cxd5 Nxd5 11. Nxc6 bxc6 12. Qc2 Ba6 13. Rd1 Qb6
14. e4 Nb4 15. Bxb4 Qxb4 16. a3 Qb6 17. Nc3 Bc4 18. b4 a5 19. Na4 Qb5 20.
Nb2 Be2 21. Re1 Bh5 22. Bf1 Qb8 23. bxa5 Rxa5 24. Nc4 Rc5 25. Rab1 Qa7 26.
Rb2 Rb5 27. Reb1 Rxb2 28. Rxb2 Qd4 29. Qd3 Qxd3 30. Bxd3 Rd8 31. Be2 Bxe2
32. Rxe2 Rd1+ 33. Kg2 Rc1 34. Ne5 f6 35. Nd3 Rc3 36. Nb4 Kf7 37. e5 c5 38.
exf6 gxf6 39. Nc2 e5 40. Kf1 Ke6 41. Ke1 c4 42. a4 Bd8 43. Ne3 Ba5 44. Kd1
Kd6 45. Rb2 Kc6 46. Rb5 Rd3+ 47. Ke2 Rd2+ 48. Kf3 Bc3 49. Nxc4 Ra2 50. Na5+
Kd7 51. Nb3 Be1 52. Ke4 Rxa4+ 53. Kd5 Bxf2 54. Rb7+ Kd8 55. Rxh7 Rb4 56.
Nc1 e4 57. Ne2 e3 58. Ke6 Rb6+ 59. Kf5 Rb2 60. Nf4 e2 61. Nxe2 Rxe2 62.
Kxf6 Bg1 63. h4 Rg2 64. Rh8+ Kd7 65. Rg8 Bf2 66. h5 Bxg3 67. h6 Rf2+ 68.
Kg6 Be5 69. h7 Rh2 70. Ra8 Bd4 71. Ra4 Be5 1/2-1/2

[Event "IX EICC"]
[Site "Plovdiv BUL"]
[Date "2008.04.24"]
[Round "4"]
[White "Aveskulov,V"]
[Black "Sargissian,G"]
[Result "1/2-1/2"]
[WhiteElo "2535"]
[BlackElo "2643"]
[EventDate "2008.04.21"]

1. e4 e5 2. Nf3 Nc6 3. Bb5 a6 4. Ba4 Nf6 5. O-O Be7 6. d3 b5 7. Bb3 d6 8.
a4 Bg4 9. c3 O-O 10. h3 Bd7 11. Re1 Na5 12. Bc2 c5 13. Nbd2 Re8 14. Nf1 h6
15. Ne3 Bf8 16. Bd2 Nc6 17. Nh2 Ne7 18. Nhg4 Nxg4 19. hxg4 Be6 20. Nf5 Qd7
21. Be3 Rac8 22. axb5 axb5 23. d4 cxd4 24. cxd4 exd4 25. Bxd4 Nc6 26. Bc3
Ne5 27. f4 Nc4 28. Bd4 Qc6 29. Bd3 d5 30. e5 Bc5 31. Kh2 Bxd4 32. Nxd4 Qb6
33. b3 Nb2 34. Qd2 Nxd3 35. Qxd3 Bxg4 36. Nxb5 d4 37. Nd6 Rc3 38. Qe4 Rd8
39. f5 h5 40. Ra8 d3 41. Qb7 d2 42. Qxb6 Rxa8 43. Rd1 Bxd1 44. Qb7 Rf8 45.
Qd5 Rc2 46. e6 fxe6 47. Qxe6+ Kh7 48. Qg6+ Kh8 49. Ne8 Rxe8 50. Qxe8+ Kh7
51. Qg6+ Kh8 52. Qe8+ Kh7 53. Qg6+ Kh8 54. f6 gxf6 55. Qh6+ Kg8 56. Qg6+
Kh8 57. Qxf6+ Kg8 58. Qd8+ Kg7 59. Qd4+ Kg8 60. Qd5+ Kg7 1/2-1/2

[Event "IX EICC"]
[Site "Plovdiv BUL"]
[Date "2008.04.24"]
[Round "4"]
[White "Iotov,V"]
[Black "Mchedlishvili,M"]
[Result "1-0"]
[WhiteElo "2531"]
[BlackElo "2635"]
[EventDate "2008.04.21"]

1. d4 d6 2. e4 Nf6 3. Nc3 g6 4. Nf3 Bg7 5. Be2 O-O 6. O-O a6 7. a4 b6 8. e5
Ne8 9. Bf4 Bb7 10. Qd2 e6 11. Rad1 Nd7 12. Qe3 Qe7 13. Rfe1 d5 14. h4 c5
15. Bf1 cxd4 16. Rxd4 f6 17. h5 fxe5 18. Nxe5 Rxf4 19. Qxf4 Nxe5 20. Rxe5
Qf6 21. Qxf6 Bxf6 22. f4 a5 23. hxg6 hxg6 24. Nb5 Ng7 25. Rd3 Bxe5 26. fxe5
Nf5 27. Rb3 Bc6 28. g4 Bxb5 29. Rxb5 Nd4 30. Rxb6 Kf7 31. Rb7+ Kf8 32. Kf2
Nxc2 33. Bd3 Nb4 34. Bxg6 Nc6 35. Rf7+ Kg8 36. Rf6 Nd8 37. Bd3 Rc8 38. Ke3
Rc1 39. Rf1 Rc7 40. Bb5 Nf7 41. Rf6 Nxe5 42. Rxe6 Nc4+ 43. Kd4 Nxb2 44.
Kxd5 Rc3 45. Re2 Rb3 46. Re4 Rc3 47. Rd4 Kg7 48. Ke5 Rf3 49. Ke4 Rc3 50.
Rd2 Rb3 51. Rd4 Rc3 52. Kf4 Kf6 53. g5+ Kg7 54. Rd7+ Kf8 55. Kf5 Nc4 56.
Rd4 Nb6 57. Kf6 Rf3+ 58. Kg6 Ke7 59. Re4+ Kd6 60. Kg7 Nd5 61. g6 Ne7 62.
Be8 Nf5+ 63. Kh7 Kd5 64. Re1 Rh3+ 65. Kg8 Rg3 66. Kf8 Kc4 67. Re5 Nd6 68.
g7 Kb4 69. Bc6 1-0

[Event "IX EICC"]
[Site "Plovdiv BUL"]
[Date "2008.04.24"]
[Round "4"]
[White "Asrian,K"]
[Black "Nevednichy,V"]
[Result "1/2-1/2"]
[WhiteElo "2630"]
[BlackElo "2558"]
[EventDate "2008.04.21"]

1. e4 c5 2. Nf3 d6 3. d4 cxd4 4. Nxd4 Nf6 5. Nc3 Bd7 6. Bg5 e6 7. Qd2 a6 8.
O-O-O h6 9. Bxf6 Qxf6 10. f4 g5 11. Nf5 Bc6 12. h4 exf5 13. hxg5 hxg5 14.
e5 Qg7 15. Rxh8 Qxh8 16. exd6 Nd7 17. Re1+ Kd8 18. fxg5 Qh4 19. Rd1 f6 20.
Kb1 Qxg5 21. Qf2 f4 22. Ne2 Qe5 23. Qxf4 Qxf4 24. Nxf4 Nc5 25. g3 Bh6 26.
Bh3 Bxf4 27. gxf4 Ne4 28. Bf5 b5 29. a4 bxa4 30. Rd4 Ng3 31. Be6 Bd7 32. f5
Nxf5 33. Bxf5 Bxf5 34. Rf4 Be6 35. Rxf6 Kd7 36. Rf4 Rg8 37. Kc1 Rg1+ 38.
Kd2 a3 39. bxa3 Kxd6 40. Ra4 Bc8 41. Kc3 Rg3+ 42. Kb2 Kc5 43. Ra5+ Kb6 44.
Rd5 Rg6 45. Rd3 Bf5 46. Rf3 Rg5 47. Rc3 Rg2 48. Rc4 Kb5 49. Rc3 Be4 50. Rc7
Bc6 51. Re7 Kc5 52. Re3 Bd5 53. Rc3+ Kd4 54. Rd3+ Ke5 55. Rc3 Be4 56. Rc4
Rh2 57. Rc7 Kd4 58. Kb3 Rh5 59. Kb2 Rg5 60. Kc1 Ra5 61. Kb2 Bd5 62. Rc8
Rb5+ 63. Kc1 Bc4 64. Rh8 Be6 65. Rd8+ Bd5 66. Rc8 Rb7 67. Ra8 Rh7 68. Rc8
Rh6 69. Kb2 Rh7 70. Kc1 Bc4 71. Kb2 a5 72. Rd8+ Bd5 73. Rc8 Rb7+ 74. Kc1
Ba2 75. Rd8+ Kc4 76. Rc8+ Kb5 77. Kb2 Be6 78. Rc3 Ka4+ 79. Ka1 Rb5 80. Re3
Bf5 81. Rc3 Rb6 82. Ka2 Be6+ 83. Ka1 Kb5 84. Kb2 Rb7 85. Re3 Kc5+ 86. Kc3
Bd5 87. Re1 Rg7 88. Re8 Rg3+ 89. Kb2 Kd4 90. Rc8 Rg7 91. Rb8 Rc7 92. Rb5
Be4 93. Rxa5 Rxc2+ 94. Kb3 Rc4 95. Rb5 Kd3 96. Rg5 Rc7 97. Kb4 Kd4 98. a4
Rc1 99. Ka5 Bd5 100. Rg4+ Kc5 101. Rb4 Bc6 102. Rb2 Rc4 103. Ra2 Rc3 104.
Rb2 Rc4 105. Ra2 Re4 106. Rc2+ Kd6 107. Rd2+ Kc7 108. Ra2 Rc4 109. Ra3 Bd7
110. Ra1 Kc6 111. Rh1 Kb7 112. Rh4 Rc1 113. Kb4 Kb6 114. Rh6+ Bc6 115. a5+
Kb7 116. Rh7+ Ka6 117. Rh6 Kb7 118. Rh7+ Ka6 1/2-1/2

[Event "IX EICC"]
[Site "Plovdiv BUL"]
[Date "2008.04.24"]
[Round "4"]
[White "Solak,D"]
[Black "Markus,Rob"]
[Result "1/2-1/2"]
[WhiteElo "2630"]
[BlackElo "2557"]
[EventDate "2008.04.21"]

1. Nf3 Nf6 2. c4 e6 3. Nc3 Bb4 4. Qc2 O-O 5. a3 Bxc3 6. Qxc3 b6 7. g3 Bb7
8. Bg2 d5 9. cxd5 Nxd5 10. Qc2 c5 11. O-O Nc6 12. d3 Rc8 13. Bd2 Qe7 14.
Qa4 a6 15. Qb3 Ba8 16. Rfc1 Rb8 17. Qc4 a5 18. e4 Nf6 19. b4 cxb4 20. axb4
Nxb4 21. Bxb4 axb4 22. Rab1 Rfd8 23. Bf1 1/2-1/2

[Event "IX EICC"]
[Site "Plovdiv BUL"]
[Date "2008.04.24"]
[Round "4"]
[White "Istratescu,A"]
[Black "Khairullin,I"]
[Result "1/2-1/2"]
[WhiteElo "2628"]
[BlackElo "2554"]
[EventDate "2008.04.21"]

1. e4 c5 2. Nf3 Nc6 3. d4 cxd4 4. Nxd4 Nf6 5. Nc3 e6 6. Ndb5 d6 7. Bf4 e5
8. Bg5 a6 9. Na3 b5 10. Bxf6 gxf6 11. Nd5 Bg7 12. Bd3 Ne7 13. Nxe7 Qxe7 14.
c4 f5 15. O-O O-O 16. Qf3 d5 17. cxd5 fxe4 18. Bxe4 Rb8 19. Rfd1 Qd7 20. d6
Rb6 21. Qd3 Rd8 22. Rac1 Bf8 23. Rc7 Qxc7 24. Bxh7+ Kg7 25. dxc7 Rxd3 26.
Bxd3 Bxa3 27. bxa3 Rc6 28. Be4 Rxc7 29. Bd5 Rc3 30. h4 Bf5 31. Bb3 a5 32.
a4 1/2-1/2

[Event "IX EICC"]
[Site "Plovdiv BUL"]
[Date "2008.04.24"]
[Round "4"]
[White "Vitiugov,N"]
[Black "Blagojevic,Dr"]
[Result "1/2-1/2"]
[WhiteElo "2617"]
[BlackElo "2532"]
[EventDate "2008.04.21"]

1. c4 e5 2. Nc3 Nc6 3. Nf3 f5 4. d4 e4 5. d5 exf3 6. dxc6 fxg2 7. cxd7+
Qxd7 8. Qxd7+ Bxd7 9. Bxg2 c6 10. O-O Nf6 11. Bf4 Be7 12. Rfd1 Be6 13. b3
Kf7 14. e3 Rad8 15. Ne2 Rxd1+ 16. Rxd1 Rd8 17. Rxd8 Bxd8 18. Nd4 Bd7 19.
Nf3 Bc8 20. Ne5+ Ke6 21. Nd3 Ne4 22. Bb8 1/2-1/2

[Event "IX EICC"]
[Site "Plovdiv BUL"]
[Date "2008.04.24"]
[Round "4"]
[White "Petrosian,TL"]
[Black "Jankovic,A"]
[Result "1-0"]
[WhiteElo "2616"]
[BlackElo "2528"]
[EventDate "2008.04.21"]

1. c4 Nf6 2. Nc3 g6 3. g3 Bg7 4. Bg2 d6 5. Nf3 O-O 6. d4 c6 7. O-O Qa5 8.
h3 e5 9. Be3 Nbd7 10. dxe5 Nxe5 11. Nxe5 dxe5 12. Qa4 Qc7 13. b4 Be6 14.
Rac1 a6 15. Qb3 Qc8 16. Nd5 Nxd5 17. cxd5 Bxh3 18. Bxh3 Qxh3 19. dxc6 bxc6
20. Rxc6 Qg4 21. Qc4 Qxc4 22. Rxc4 Rfc8 23. Rfc1 Rxc4 24. Rxc4 Kf8 25. a4
Ke8 26. Rc7 Bf8 27. Rb7 Rd8 28. b5 axb5 29. a5 b4 30. a6 Bd6 31. a7 h5 32.
Kg2 Ra8 33. Bc5 Bxc5 34. Rb8+ 1-0

[Event "IX EICC"]
[Site "Plovdiv BUL"]
[Date "2008.04.24"]
[Round "4"]
[White "Shanava,K"]
[Black "Kritz,L"]
[Result "1-0"]
[WhiteElo "2519"]
[BlackElo "2609"]
[EventDate "2008.04.21"]

1. e4 c5 2. Nf3 Nc6 3. d4 cxd4 4. Nxd4 Nf6 5. Nc3 d6 6. Bc4 Qb6 7. Nb3 e6
8. Be3 Qc7 9. Bd3 a6 10. f4 b5 11. O-O Bb7 12. Qf3 Be7 13. Qh3 Nb4 14. a3
Nxd3 15. cxd3 O-O 16. Nd4 Rfe8 17. Rf3 Bf8 18. Raf1 g6 19. f5 exf5 20. Nxf5
h5 21. Ng3 Nh7 22. Nxh5 gxh5 23. Rg3+ Kh8 24. Qxh5 f6 25. Rxf6 Re5 26. Rf7
Rxh5 27. Rxc7 Bc8 28. Bd4+ Re5 29. Nd5 Be6 30. Nf4 1-0

[Event "IX EICC"]
[Site "Plovdiv BUL"]
[Date "2008.04.24"]
[Round "4"]
[White "Damljanovic,B"]
[Black "Vokarev,S"]
[Result "1/2-1/2"]
[WhiteElo "2595"]
[BlackElo "2502"]
[EventDate "2008.04.21"]

1. e4 c6 2. c4 d5 3. exd5 cxd5 4. cxd5 Nf6 5. Nc3 Nxd5 6. Nf3 Nxc3 7. bxc3
g6 8. d4 Bg7 9. Bd3 Nc6 10. O-O O-O 11. Re1 Bg4 12. Be4 Rc8 13. Ba3 Re8 14.
h3 Bxf3 15. Qxf3 Qd7 16. Rad1 Na5 17. Bb4 Nc6 18. Bc5 e6 19. h4 b6 20. Ba3
Ne7 21. h5 Nd5 22. c4 Rxc4 23. Bxd5 exd5 24. Rxe8+ Qxe8 25. Qxd5 Rxd4 26.
Rxd4 Qe1+ 27. Kh2 Be5+ 28. f4 Qh4+ 29. Kg1 Qe1+ 30. Kh2 Qh4+ 31. Kg1
1/2-1/2